Engineering graphics with AutoCAD 2006 (Record no. 3752)

MARC details
000 -LEADER
fixed length control field 00644 a2200205 4500
010 ## - LIBRARY OF CONGRESS CONTROL NUMBER
LC control number ENG-85864
020 ## - INTERNATIONAL STANDARD BOOK NUMBER
International Standard Book Number 8120330633
Terms of availability 525.00
035 ## - SYSTEM CONTROL NUMBER
System control number EN-69397
037 ## - SOURCE OF ACQUISITION
Source of stock number/acquisition D.B.Act / Pub
082 14 - DEWEY DECIMAL CLASSIFICATION NUMBER
Classification number 604.2
090 ## - LOCALLY ASSIGNED LC-TYPE CALL NUMBER (OCLC); LOCAL CALL NUMBER (OCLC)
-- 3830
-- 3830
100 1# - MAIN ENTRY--PERSONAL NAME
Personal name Bethune, James D.,
245 1# - TITLE STATEMENT
Title Engineering graphics with AutoCAD 2006
Statement of responsibility, etc James D. Bethune.
260 ## - PUBLICATION, DISTRIBUTION, ETC. (IMPRINT)
Place of publication, distribution, etc New Delhi
Name of publisher, distributor, etc Prentice-Hall of India
Date of publication, distribution, etc 2007
300 ## - PHYSICAL DESCRIPTION
Extent xii, 771 p. :
Other physical details ill. ;
Dimensions 28 cm. (Pbk)
500 ## - GENERAL NOTE
General note Includes index.
650 #0 - SUBJECT ADDED ENTRY--TOPICAL TERM
Topical term or geographic name as entry element Engineering graphics.
942 ## - ADDED ENTRY ELEMENTS (KOHA)
Institution code [OBSOLETE] dpl
Koha item type English Books
Call number prefix 604.2 / BET
Holdings
Withdrawn status Lost status Source of classification or shelving scheme Damaged status Not for loan Collection code Home library Current library Source of acquisition Cost, normal purchase price Total Checkouts Full call number Barcode Date last seen Copy number Uniform Resource Identifier Cost, replacement price Price effective from Koha item type
    Dewey Decimal Classification   Not For Loan Non-fiction D.B.Act.Division D.B.Act.Division DBAD/PUB 525.00   604.2 BET EN-69397 15/09/2008 1 3989 525.00 15/09/2008 English Books

© Delhi Public Library
Hit Counter
free hit counter